|
|
|
|
| LEADER |
01218nam a2200337 a 4500 |
| 001 |
43620 |
| 003 |
BD-DhAAL |
| 005 |
20241029103905.0 |
| 008 |
911230s1992 nyua 000 0 eng c |
| 010 |
|
|
|a 91005248
|
| 020 |
|
|
|a 0387977775
|
| 020 |
|
|
|a 3540977775
|
| 040 |
|
|
|a DNLM/DLC
|c DLC
|d DLC
|d BD-DhAAL
|
| 050 |
0 |
0 |
|a QM451
|b .R59 1992
|
| 060 |
|
|
|a WL 101 R646n
|
| 082 |
0 |
0 |
|a 611.8
|
| 100 |
1 |
|
|a Roberts, P. A.
|q (Philip Alex),
|d 1934-
|9 8143
|
| 245 |
1 |
0 |
|a Neuroanatomy /
|c P.A. Roberts.
|
| 250 |
|
|
|a Third edition.
|
| 260 |
|
|
|a New York :
|b Springer-Verlag,
|c c1992.
|
| 300 |
|
|
|a 114 pages :
|b illustrations ;
|c 29 cm
|
| 490 |
|
|
|a Oklahoma notes
|
| 541 |
|
|
|a Donation from the Asia Foundation/Savar Campus Library
|e 43620
|
| 650 |
|
0 |
|a Neuroanatomy.
|9 8144
|
| 650 |
|
2 |
|a Nervous System
|x anatomy & histology.
|9 8145
|
| 650 |
|
2 |
|a Medicine.
|
| 830 |
|
|
|a Oklahoma notes
|9 57068
|
| 852 |
|
|
|a Ayesha Abed Library
|
| 942 |
|
|
|2 ddc
|c BK
|
| 999 |
|
|
|c 47071
|d 47071
|
| 952 |
|
|
|0 0
|1 0
|2 ddc
|4 0
|6 611_800000000000000_ROB
|7 0
|9 76832
|a SCL
|b SCL
|c GEN
|d 2024-10-29
|e Donation from the Asia Foundation/Savar Campus Library
|l 0
|o 611.8 ROB
|p 3020043620
|r 2024-10-29
|t 1
|w 2024-10-29
|y BK
|x Donation from the Asia Foundation/Savar Campus Library
|